|
|
|
|
| LEADER |
01797cas a2200253 a 4500 |
| 001 |
AALejournalIMF001077 |
| 008 |
230101c9999 xx r poo 0 0eng d |
| 020 |
|
|
|c 5.00 USD
|
| 020 |
|
|
|z 9781451857382
|
| 022 |
|
|
|a 1018-5941
|
| 040 |
|
|
|a BD-DhAAL
|c BD-DhAAL
|
| 100 |
1 |
|
|a Taube, Gunther.
|
| 245 |
1 |
0 |
|a On the Fast Track to EU Accession :
|b Macroeconomic Effects and Policy Challenges for Estonia /
|c Gunther Taube, Rene Weber.
|
| 264 |
|
1 |
|a Washington, D.C. :
|b International Monetary Fund,
|c 1999.
|
| 300 |
|
|
|a 1 online resource (41 pages)
|
| 490 |
1 |
|
|a IMF Working Papers
|
| 500 |
|
|
|a <strong>Off-Campus Access:</strong> No User ID or Password Required
|
| 500 |
|
|
|a <strong>On-Campus Access:</strong> No User ID or Password Required
|
| 506 |
|
|
|a Electronic access restricted to authorized BRAC University faculty, staff and students
|
| 520 |
3 |
|
|a This paper assesses the macroeconomic impact and policy challenges related to Estonia's prospective accession to the EU and its potential adoption of the euro. Our analysis of the trade, financial, and fiscal channels includes a model-based illustrative scenario using MULTIMOD. We conclude that the welfare enhancing effects for Estonia of further EU integration are likely to outweigh the drawbacks of more pronounced macroeconomic imbalances that could accompany this process. To smooth Estonia's accession-related adjustment, its fiscal and structural policies should be geared toward mitigating domestic demand pressures, promoting saving, and ensuring efficient public investment.
|
| 538 |
|
|
|a Mode of access: Internet
|
| 700 |
1 |
|
|a Weber, Rene.
|
| 830 |
|
0 |
|a IMF Working Papers; Working Paper ;
|v No. 1999/156
|
| 856 |
4 |
0 |
|z Full text available on IMF
|u http://elibrary.imf.org/view/journals/001/1999/156/001.1999.issue-156-en.xml
|z IMF e-Library
|